000
00306 a2200157 4500
001
165886
020
_a
040
_c
Magnum
100
_a
Company, Mercè
240
1
0
_a
Cinderela
_l
por
245
1
0
_a
Cinderela
362
0
_a
1899
440
1
_a
Scipione
697
_a
IJ/BRUXA, MISTERIO
942
_c
BK
999
_c
165886
_d
165886